Statistics for Countries that Recognized the United States

Click here to take the quiz!

General Stats

  • This quiz has been taken 445 times
  • The average score is 10 of 21

Answer Stats

DateCountry% Correct
February 6, 1778Kingdom of France
98%
September 3, 1783Kingdom of Great Britain
96%
February 20, 1783Kingdom of Spain
96%
May 13, 1791Kingdom of Portugal
90%
June 9, 1792Kingdom of Denmark
87%
April 3, 1783Kingdom of Sweden
85%
April 19, 1782Republic of the United Netherlands
80%
February 17, 1797Archduchy of Austria
76%
July 9, 1785Kingdom of Prussia
67%
December 15, 1784Papal States
48%
June 23, 1786Sultanate of Morocco
35%
May 20, 1796Kingdom of Naples
24%
September 29, 1802Kingdom of Sardinia
21%
September 5, 1795Regency of Algeirs
20%
November 4, 1796Barbary State of Tripoli
17%
March 28, 1795Barbary State of Tunis
17%
June 17, 1790Free City of Hamburg
16%
May 29, 1794Grand Duchy of Tuscany
15%
October 25,1791Republic of Genoa
14%
March 28, 1794Free City of Bremen
11%
September 3, 1783Principality of Brunswick-Lüneburg
4%

Score Distribution

Percentile by Number Answered

Percent of People with Each Score

Your Score History

You have not taken this quiz